Autobahnen im Ruhrgebiet - Statistiken

Allgemein
  • Dieses Quiz wurde 339 mal gespielt
  • Das Durchschnittsergebnis liegt bei 8 aus 15
Antwortstatistiken
Richtung A % Korrekt
Oberhausen-Berlin 2
95%
Saarbrücken-Heiligenhafen 1
73%
Münster-Wuppertal 43
73%
Venlo-Dortmund 40
71%
Oberhausen-Passau 3
69%
Kamp Lintfort-Castrop Rauxel 42
65%
Emden-Bottrop 31
63%
Goch-Köln 57
51%
Roermond-Marl 52
49%
Dinslaken-Bonn 59
49%
Aachen-Waldkappel 44
36%
Bochum West-Witten 448
35%
Oberhausen Sterkrade-Oberhausen Zentrum 516
26%
Essen-Sonnborn 535
20%
Duisburg-Breitscheid 524
15%
Keine übereinstimmenden Quizze gefunden
Verteilung der Resultate
Anzahl Personen mit jedem Resultat
Perzentil nach korrekt beantworteten Fragen
Ihre Resultats-Entwicklung
Sie haben dieses Quiz noch nicht gespielt